Big red barn / (Record no. 3132)

MARC details
000 -LEADER
fixed length control field 00964pam a2200289 a 4500
005 - DATE AND TIME OF LATEST TRANSACTION
control field 20240208100324.0
020 ## - INTERNATIONAL STANDARD BOOK NUMBER
International Standard Book Number 0590442457
Terms of availability $11.89
040 ## - CATALOGING SOURCE
Original cataloging agency DLC
Transcribing agency DLC
Modifying agency DLC
Language of cataloging eng
050 00 - LIBRARY OF CONGRESS CALL NUMBER
Classification number PZ8.3.B815
Item number 1989
082 00 - DEWEY DECIMAL CLASSIFICATION NUMBER
Edition number 630
100 1# - MAIN ENTRY--PERSONAL NAME
Personal name Brown, Margaret Wise
Dates associated with a name 1910-1952.
245 10 - TITLE STATEMENT
Title Big red barn /
Statement of responsibility, etc. Brown, Margaret Wise ; pictures by Bond, Felicia
250 ## - EDITION STATEMENT
Edition statement First Scholastic printing , October 1990
260 ## - PUBLICATION, DISTRIBUTION, ETC.
Place of publication, distribution, etc. New York :
Name of publisher, distributor, etc. Scholastic ,
Date of publication, distribution, etc. 1989
300 ## - PHYSICAL DESCRIPTION
Extent 31 unnumbered pages :
Other physical details col. ill. ;
Dimensions 25 cm.
505 ## - FORMATTED CONTENTS NOTE
Formatted contents note J <br/>
520 ## - SUMMARY, ETC.
Summary, etc. Rhymed text and illustrations introduce the many different animals that live in the big red barn.
521 ## - TARGET AUDIENCE NOTE
Target audience note 490 <br/>
Source Lexile <br/>
521 ## - TARGET AUDIENCE NOTE
Target audience note J <br/>
Source Raz-Plus <br/>
650 #1 - SUBJECT ADDED ENTRY--TOPICAL TERM
Topical term or geographic name entry element Domestic animals
General subdivision Fiction.
650 #1 - SUBJECT ADDED ENTRY--TOPICAL TERM
Topical term or geographic name entry element Farm life
General subdivision Fiction.
650 #1 - SUBJECT ADDED ENTRY--TOPICAL TERM
Topical term or geographic name entry element Stories in rhyme.
700 1# - ADDED ENTRY--PERSONAL NAME
Personal name Bond, Felicia
Relator term illustrator
906 ## - LOCAL DATA ELEMENT F, LDF (RLIN)
a 7
b cbc
c orignew
d 1
e ocip
f 19
g y-gencatlg
942 ## - ADDED ENTRY ELEMENTS (KOHA)
Source of classification or shelving scheme Dewey Decimal Classification
Koha item type Books
Suppress in OPAC No
999 ## -
-- 3132
-- 3132
Holdings
Withdrawn status Lost status Source of classification or shelving scheme Damaged status Not for loan Collection Home library Current library Shelving location Date acquired Total Checkouts Full call number Barcode Date last seen Date last checked out Price effective from Koha item type Copy number
    Dewey Decimal Classification     Juvenile Fiction Footprints International School Library Network Toul Kork Campus Footprints International School Library Network Toul Kork Campus   02/08/2024 2 BRO 630 PZ8.B815 FISTK02628 03/11/2024 03/04/2024 02/08/2024 Books  
    Dewey Decimal Classification     Juvenile Fiction Footprints International School Library Network Toul Kork Campus Footprints International School Library Network Toul Kork Campus TK Primary Library Room(4th Floor), Bookcase 1&2, Shelves 1-16, Dark Blue Books 11/25/2024 3 BRO 630 PZ8.B815 2024-2361 03/20/2026 01/30/2026 11/25/2024 Books 2